| 000 | 00749nam a2200253 4500 | ||
|---|---|---|---|
| 001 | 1600 | ||
| 003 | BR-CuiBMT | ||
| 005 | 20231217023605.0 | ||
| 008 | 231217s2023 spba 000 0 por d | ||
| 020 | _a9786557389140 | ||
| 040 |
_aBR-CuiBMT _cBR-CuiBMT |
||
| 080 |
_a342.9 _22007 |
||
| 090 |
_a342.9 _bL349d _c2. ed. |
||
| 100 | 1 | _aL'Astorina, Felipe Boarin | |
| 245 | 1 | 0 |
_aDireito administrativo / _cFelipe Boarin L'Astorina, Ferdinando Scremin Neto. |
| 250 | _a2. ed., atual. e ampl. | ||
| 260 |
_aSão Paulo : _bRideel, _c2023. |
||
| 300 |
_axviii, 402 p. : _bil. ; _c24 cm |
||
| 490 | 1 | _aColeção amo direito | |
| 650 |
_aDireito administrativo _zBrasil |
||
| 700 | 1 | _aScremin Neto, Ferdinando | |
| 830 | 0 | _aAmo direito | |
| 942 |
_2udc _cLV |
||
| 999 |
_c1600 _d1600 |
||